000 00283nam a2200109Ia 4500
008 201224s9999 xx 000 0 und d
100 _aMisra, R P (Ed.)
245 0 _aEnvironmental Etics: a dialogue of cultures.
260 _aDelhi
_bConcept Publishing
300 _a207
942 _cBK
999 _c9053
_d9053